MARC
|
|
|
|
| LEADER |
00000naa2a2200000 4500 |
| 001 |
381701 |
| 005 |
20231101062848.0 |
| 035 |
|
|
|a (RuTPU)RU\TPU\prd\4591
|
| 090 |
|
|
|a 381701
|
| 100 |
|
|
|a 20020610a2002 k y0rusy50 ca
|
| 101 |
0 |
|
|a rus
|
| 102 |
|
|
|a RU
|
| 200 |
1 |
|
|a Структурные единицы ближнего порядка в аморфных металлах и полупроводниках
|f В. А. Полухин, Е. В. Потемкина, Н. А. Ватолин
|
| 225 |
1 |
|
|a Физические основы материаловедения
|
| 320 |
|
|
|a Библиогр.: 14 назв.
|
| 461 |
|
1 |
|0 (RuTPU)RU\TPU\prd\1134
|t Материаловедение
|o научно-технический и производственный журнал
|d 2001-
|
| 463 |
|
1 |
|0 (RuTPU)RU\TPU\prd\2328
|t № 2
|v С. 8-13
|d 2002
|
| 610 |
1 |
|
|a аморфные металлы
|
| 610 |
1 |
|
|a полупроводники
|
| 610 |
1 |
|
|a стеклование
|
| 610 |
1 |
|
|a метастабилные структуры
|
| 610 |
1 |
|
|a фрактальность
|
| 610 |
1 |
|
|a диссипация
|
| 610 |
1 |
|
|a стеклование
|
| 610 |
1 |
|
|a синергетика
|
| 675 |
|
|
|a 536.421.1:621.315.592
|v 3
|
| 700 |
|
1 |
|a Полухин
|b В. А.
|
| 701 |
|
1 |
|a Потемкина
|b Е. В.
|
| 701 |
|
1 |
|a Ватолин
|b Н. А.
|
| 801 |
|
1 |
|a RU
|b 63413507
|c 20020610
|g PSBO
|
| 801 |
|
2 |
|a RU
|b 63413507
|c 20050121
|g PSBO
|
| 942 |
|
|
|c BK
|